Thơ Haiku trong thời đại toàn cầu hóa /

Bewaard in:
Bibliografische gegevens
Hoofdauteur: Nguyễn Vũ Quỳnh Như.
Formaat: Artikel
Taal:Vietnamese
Onderwerpen:
Tags: Voeg label toe
Geen labels, Wees de eerste die dit record labelt!
Thư viện lưu trữ: Thư viện Trường Đại học Đà Lạt
LEADER 00777nam a2200277 4500
001 DLU210195733
005 ##20210126
040 # # |a DLU  |b vie 
041 # # |a vie 
044 # # |a vn 
100 # # |a Nguyễn Vũ Quỳnh Như. 
245 # # |a Thơ Haiku trong thời đại toàn cầu hóa /  |c Nguyễn Vũ Quỳnh Như. 
653 # # |a Nhật Bản  
653 # # |a Thơ Haiku 
653 # # |a Toàn cầu hóa 
773 # # |t Nghiên cứu Đông Bắc Á  |g Số 8(222), 2019, tr. 38-45 
920 # # |a Phòng Tạp chí -- Trung tâm Thông tin - Thư viện Trường Đại học Đà Lạt 
933 # # |a LS 
994 # # |a DLU 
900 # # |a True 
911 # # |a Hoàng Thị Huyền 
925 # # |a G 
926 # # |a A 
927 # # |a BB 
980 # # |a Thư viện Trường Đại học Đà Lạt